| 000 | 00537nam a2200193 a 4500 | ||
|---|---|---|---|
| 999 |
_c60567 _d60567 |
||
| 001 | 920148 | ||
| 005 | 20230906163914.0 | ||
| 008 | 830106s1980 gw fa cb 000 0 ger | ||
| 010 | _a 82124255 | ||
| 020 | _a 9789602130254 | ||
| 041 | _ager | ||
| 080 | _a069 A-55 | ||
| 100 |
_aAndronicos, Manolis _919778 |
||
| 245 |
_aNATIONAL MUSEUM / _cManolis, Andronicos. |
||
| 264 |
_aAthen: _bEkdotike Athenon, _c1980. |
||
| 300 |
_a 99 p. : _bill. ; _c24 cm. |
||
| 653 | _aᲔᲠᲝᲕᲜᲣᲚᲘ ᲛᲣᲖᲔᲣᲛᲘ | ||
| 942 |
_2udc _cBK |
||